| 000 | 00506nam a2200145Ia 4500 | ||
|---|---|---|---|
| 008 | 231217s9999 xx 000 0 und d | ||
| 041 | _aEnglish | ||
| 082 | _a001.6424JAV NAS;1 R | ||
| 100 | _aNash, Michael | ||
| 245 | 0 | _aJava frameworks and components : accelerate your web application development | |
| 260 |
_c2003 _bPress Syndicate of the University of Cambridge _aCambridge |
||
| 300 | _ax+477 | ||
| 650 | _aJava,frameworks,components,:,accelerate,your,web,application,development | ||
| 942 | _cAA | ||
| 999 |
_c172368 _d172368 |
||